Teardowns : learn how electronics work by taking them apart
Contains instructions for fourteen projects to help the reader learn about electronics by deconstructing smoke detectors, surge protectors, fluorescent light bulbs, humidifiers, stereo amplifiers, electric guitar pickups, and more.
Đã lưu trong:
| 主要作者: | |
|---|---|
| 格式: | 圖書 |
| 語言: | Undetermined |
| 出版: |
New York :
McGraw-Hill
2010
|
| 主題: | |
| 標簽: |
添加標簽
沒有標簽, 成為第一個標記此記錄!
|
| Thư viện lưu trữ: | Trung tâm Học liệu Trường Đại học Cần Thơ |
|---|
| LEADER | 00960nam a2200229Ia 4500 | ||
|---|---|---|---|
| 001 | CTU_190039 | ||
| 008 | 210402s9999 xx 000 0 und d | ||
| 020 | |c 476000 | ||
| 082 | |a 621.381 | ||
| 082 | |b B496 | ||
| 100 | |a Bergeron, Bryan P. | ||
| 245 | 0 | |a Teardowns : | |
| 245 | 0 | |b learn how electronics work by taking them apart | |
| 245 | 0 | |c Bryan Bergeron. | |
| 260 | |a New York : | ||
| 260 | |b McGraw-Hill | ||
| 260 | |c 2010 | ||
| 520 | |a Contains instructions for fourteen projects to help the reader learn about electronics by deconstructing smoke detectors, surge protectors, fluorescent light bulbs, humidifiers, stereo amplifiers, electric guitar pickups, and more. | ||
| 650 | |a Electronic apparatus and appliances,Thiết bị và máy móc điện tử | ||
| 650 | |x Technique,Maintenance and repair,Kỹ thuật,Bảo trì và sửa chữa | ||
| 904 | |i Bằng | ||
| 980 | |a Trung tâm Học liệu Trường Đại học Cần Thơ | ||